| 000 | 00956nas a2200325 4500 | ||
|---|---|---|---|
| 001 | BR2015007265 | ||
| 003 | BR-BrBNA | ||
| 005 | 20231205130007.0 | ||
| 007 | ta | ||
| 008 | 230509b bl.|||p| |||| 00| 00por d | ||
| 040 |
_aBR-BrBNA _bpor _cBiblioteca Nacional de Agricultura |
||
| 041 | _a(En) | ||
| 072 | _aF03 | ||
| 100 | 1 | _aMengarda, L.H.G. | |
| 100 | 1 | _aLopes, J.C. | |
| 100 | 1 | _aAlexandre, R.S. | |
| 100 | 1 | _aZanotti, R.F. | |
| 100 | 1 | _aManhone, P.R. | |
| 245 | 1 | _aAlternating temperature and accelerated aging in mobilization of reserves during germination of Carica papaya L. seeds | |
| 650 | _aMAMÃO | ||
| 650 | _aGERMINAÇÃO | ||
| 650 | _aSEMENTE | ||
| 650 | _aAMIDO | ||
| 650 | _aPROTEÍNA | ||
| 650 | _aLIPÍDIO | ||
| 650 | _aEMBEBIÇÃO | ||
| 773 | 0 |
_tJournal of Seed Science (Brazil) _xISSN 2317-1537 _g(Mar 2015), v. 37(1) p. 16-25 _wBR2015007265 |
|
| 909 |
_a202311 _bLúcia _c55 _dLúcia Elande |
||
| 942 |
_2AGRIS _n0 _cANA |
||
| 999 |
_c247321 _d247321 |
||